Много - это сколько? (Запись № 12789308)

Подробности
000 -МАРКЕР
контрольное поле 03342nam0a2200457 4500
001 - ИДЕНТИФИКАТОР ЗАПИСИ
контрольное поле RU\NLR\BIBL_A\016238276
005 - ИДЕНТИФИКАТОР ВЕРСИИ
контрольное поле 20230313135341.0
010 ## - МЕЖДУНАРОДНЫЙ СТАНДАРТНЫЙ НОМЕР КНИГИ (ISBN)
Номер (ISBN) 978-5-04-166794-8
Тираж 2000
021 ## - НОМЕР ГОСУДАРСТВЕННОЙ РЕГИСТРАЦИИ
Код страны Российская Федерация
Номер КН-П-22-083132
Номер Листа государственной регистраци КН-П-22-7323
035 ## - ДРУГИЕ СИСТЕМНЫЕ НОМЕРА
Идентификатор записи (NLR Aleph) 016238276
035 ## - ДРУГИЕ СИСТЕМНЫЕ НОМЕРА
Идентификатор записи (RuMoRGB)011403776
100 ## - ДАННЫЕ ОБЩЕЙ ОБРАБОТКИ
Данные общей обработки 20221214d2022 u y0rusy50 ca
101 1# - ЯЗЫК РЕСУРСА
Язык текста, звукозаписи и т.д. русский
102 ## - СТРАНА ПУБЛИКАЦИИ ИЛИ ПРОИЗВОДСТВА
Страна публикации Российская Федерация
105 ## - ПОЛЕ КОДИРОВАННЫХ ДАННЫХ: ТЕКСТОВЫЕ МАТЕРИАЛЫ, МОНОГРАФИЧЕСКИЕ
Кодированные данные о монографическом текстовом документе a z 000zy
181 #0 - ПОЛЕ КОДИРОВАННЫХ ДАННЫХ: ВИД СОДЕРЖАНИЯ
Код вида содержания (ISBD) i
Код характеристики содержания (ISBD) axxe
182 #0 - ПОЛЕ КОДИРОВАННЫХ ДАННЫХ: ТИП СРЕДСТВА
Код типа средства (ISBD) n - непосредственное
200 1# - ЗАГЛАВИЕ И СВЕДЕНИЯ ОБ ОТВЕТСТВЕННОСТИ
Основное заглавие Много - это сколько?
Сведения, относящиеся к заглавию как не избаловать любимого ребенка
Первые сведения об ответственности Джин Кларк, Конни Доусон, Дэвид Бредехофт
Последующие сведения об ответственности перевод с английского Э. И. Мельник
203 ## - ВИД СОДЕРЖАНИЯ И ТИП СРЕДСТВА
Вид содержания Текст
Дополнительные сведения об издании визуальный
Тип средства непосредственный
210 ## - ПУБЛИКАЦИЯ, РАСПРОСТРАНЕНИЕ И ДР.
Место издания, распространения и т.д. Москва
Имя издателя, распространителя и т. д. Бомбора
-- Эксмо
Дата издания, распространения и т.д. 2022
215 ## - ФИЗИЧЕСКАЯ ХАРАКТЕРИСТИКА
Специфическое обозначение материала и объем 359, [2] с.
Другие сведения о физической характеристике ил.
Размеры 21
225 1# - СЕРИЯ
Основное заглавие серии Воспитание с любовью и пониманием
225 1# - СЕРИЯ
Основное заглавие серии Психология
Наименование части Воспитание с любовью и пониманием
330 ## - РЕЗЮМЕ ИЛИ РЕФЕРАТ
Текст примечания Как говорили в одной чудесной сказке: "Детей надо баловать, тогда из них вырастают настоящие разбойники!" Когда есть большое разнообразие игрушек, гаджетов, сладостей, мы хотим, чтобы детство нашего ребенка было счастливым, и позволяем вести себя, как он хочет, и делать все, что угодно. Это новая норма. Но вседозволенность приводит к плохим последствиям. Она готовит почву для проблем и неудач наших детей в будущем. Однако не все потеряно. Из этой книги вы узнаете, как не довести до крайности и при этом дарить ребенку много любви и заботы, каким образом избалованность распространяется не только на детей, но и на взрослых, и как не испортить жизнь своих детей благими намерениями, переизбытком внимания и отсутствием правил
333 ## - ПРИМЕЧАНИЯ ОБ ОСОБЕННОСТЯХ РАСПРОСТРАНЕНИЯ И ИСПОЛЬЗОВАНИЯ
Текст примечания 16+
606 1# - НАИМЕНОВАНИЕ ТЕМЫ КАК ПРЕДМЕТ
Наименование темы Дети и родители
Формальный подзаголовок Популярные издания
Тематический подзаголовок Психологическая служба
Системный номер авторитетной/нормативной записи 2100863
Идентификатор авторитетной/нормативной записи RU\NLR\AUTH\661270599
606 1# - НАИМЕНОВАНИЕ ТЕМЫ КАК ПРЕДМЕТ
Наименование темы Дети и родители
Формальный подзаголовок Популярные издания
Тематический подзаголовок Взаимопонимание
Системный номер авторитетной/нормативной записи 2092962
Идентификатор авторитетной/нормативной записи RU\NLR\AUTH\661570158
606 1# - НАИМЕНОВАНИЕ ТЕМЫ КАК ПРЕДМЕТ
Наименование темы Дети
Формальный подзаголовок Популярные издания
Тематический подзаголовок Воспитание культуры поведения
Системный номер авторитетной/нормативной записи 2585927
Идентификатор авторитетной/нормативной записи RU\NLR\AUTH\661528451
675 ## - УНИВЕРСАЛЬНАЯ ДЕСЯТИЧНАЯ КЛАССИФИКАЦИЯ (UDC/УДК)
Индекс 159.9
686 1# - ИНДЕКСЫ ДРУГИХ КЛАССИФИКАЦИЙ
Индекс Ч491.2я9
686 1# - ИНДЕКСЫ ДРУГИХ КЛАССИФИКАЦИЙ
Индекс Ч491.352.25я9
686 1# - ИНДЕКСЫ ДРУГИХ КЛАССИФИКАЦИЙ
Индекс Ю984.92я9
686 1# - ИНДЕКСЫ ДРУГИХ КЛАССИФИКАЦИЙ
Индекс Ю983.62я9
700 #1 - ИМЯ ЛИЦА - ПЕРВИЧНАЯ ОТВЕТСТВЕННОСТЬ
Начальный элемент ввода Кларк
Часть имени, кроме начального элемента ввода Д. И.
Расширение инициалов личного имени Джин Иллсли
701 #1 - ИМЯ ЛИЦА - АЛЬТЕРНАТИВНАЯ ОТВЕТСТВЕННОСТЬ
Начальный элемент ввода Доусон
Часть имени, кроме начального элемента ввода К.
Расширение инициалов личного имени Конни
701 #1 - ИМЯ ЛИЦА - АЛЬТЕРНАТИВНАЯ ОТВЕТСТВЕННОСТЬ
Начальный элемент ввода Бредехофт
Часть имени, кроме начального элемента ввода Д.
Расширение инициалов личного имени Дэвид
942 ## - ДОПОЛНИТЕЛЬНЫЕ ЭЛЕМЕНТЫ ЗАПИСИ (АБИС)
Тип экземпляра АБИС Книга
980 ## - КОЛЛЕКЦИЯ
Название коллекции Национальная библиография
Экземпляры
Тип экземпляра Дата поступления Источник поступления Библиотека постоянного хранения Библиотека текущего хранения Место хранения Шифр хранения Штрих-код Статус экземпляра
Книга 14.12.2022 Обязательный экземпляр РНБ (Московский) РНБ (Московский) Русский книжный фонд: издания с 1957 года 2022-3/35566 1-4087055  
Книга 14.12.2022 Обязательный экземпляр РНБ (Московский) РНБ (Московский) Русский книжный фонд: издания с 1957 года 2022-3/35566 1-4087054